000 002770000a22000970004500
100 1 _aBlack, David Alan (1952-)
245 1 0 _aConjectural emendations in the gospel of Matthew
300 _aVol. 31, Num. 1 (Enero, 1989), Páginas 1-15
773 0 _tNovum Testamentum
942 _cANA
999 _c56764
_d56764